• 首页
  • 本馆介绍
  • 公告通知
  • 最新文献
  • 馆藏检索
  • 电子资源
  • 读者导购
  • 参考咨询
  • 我的图书馆
  • 登录
  • 详细信息显示
  • 放入我的书架
  • 预约/预借图书
  • 作者相关作品
  • 分类相关作品
  • 丛书相关作品
  • 出版社相关作品

书目信息

  • 表格格式
  • 工作单格式
  • 卡片格式
书名: Operations management
作者: William J. Stevenson.
分册号:
分册名:
出版地: Boston :
 
出版社: McGraw-Hill
出版时间: c2005.
页数: xiv, 871 p. :
开本: 29 cm. +
丛书名: The McGraw-Hill/Irwin series operations and decision sciences
中图分类号:
科图分类号:
其他分类号: F273
主题词:
电子资源:
000 01391cam a22003254a 450
001 E0737232253
005 20070707171951.89
008 030903s2005 maua b 001 0 eng
010    @a2003061489
020    @a0072869054 (student ed. : text : alk. paper; part of pkg. ISBN 0072971223).
020    @a0071112189 (international edition).
020    @a0072869089 (instructor’s ed. : alk. paper).
040    @aDLC@cDLC
042    @apcc
050 00 @aTS155@b.S7824 2005
082 00 @a658.5@2 22
090    @aF273
099    @dF273@ex43=8
100 1  @aStevenson, William J.
245 10 @aOperations management / @cWilliam J. Stevenson.
250    @a8th ed.
260    @aBoston :@bMcGraw-Hill,@cc2005.
300    @axiv, 871 p. :@bill. (some col.) ;@c29 cm. +@e1 CD-ROM (4 3/4 in.).
440  4 @aThe McGraw-Hill/Irwin series operations and decision sciences
504    @aIncludes bibliographical references and indexes.
650  0 @aProduction management.
906    @a0@bvip@corignew@d1@eocip@f20@gy-gencatlg
925 0  @aacquire@b1 shelf copy@xpolicy default
955    @apc20 2003-09-03 to SSCD@csc23 2003-09-03 (rev sc19)@asc23 to ASCD-Tech I 2003-09-04@djf02 2003-09-08 to sl@ejf12 2003-09-08 to Children’s Lit.@aaa07 2003-09-09@aps04 2004-04-14 bk rec’d, to CIP ver.@ajf00 2004-04-23@fjf07 2004-05-13@ejf12 2004-05-24 to BCCD
963    @aKathy Shive, 630-789-5181
    
    Operations management / / William J. Stevenson.-8th ed.-Boston : : McGraw-Hill, , c2005.
    xiv, 871 p. : : ill. (some col.) ; ; 29 cm. + + 1 CD-ROM (4 3/4 in.).- (The McGraw-Hill/Irwin series operations and decision sciences )
    Includes bibliographical references and indexes.
    
    ISBN 0072869054 (student ed. : text : alk. paper; part of pkg. ISBN 0072971223).
    
●
相关链接 在E读中查询图书 在五车中查询图书 在当当中查询图书 在豆瓣中查询图书


正题名:Operations management     索取号:F273/x43=8         预约/预借

序号 登录号 条形码 馆藏地/架位号 状态 备注
1 11248   300112483   密集书库/ [索取号:F273/x43=8] 在馆    
2 11249   300112492   第四借阅区/ [索取号:F273/x43=8] 在馆    
3 12498   300124988   第四借阅区/ [索取号:F273/x43=8] 在馆    
4 12499   300124997   第四借阅区/ [索取号:F273/x43=8] 在馆    
唐山师范学院图书馆 欢迎您!
大连网信软件有限公司© 版权所有